[Event "Lloyds Bank op"]
[Site "London"]
[Date "1994.??.??"]
[Round "1"]
[White "Ferguson, Mark"]
[Black "Aseev, Konstantin N"]
[Result "0-1"]
[WhiteElo "2330"]
[BlackElo "2540"]

1.e4 c5 2.Nf3 d6 3.d4 cxd4 4.Nxd4 Nf6 5.Nc3 Nc6 6.Bg5 e6 7.Qd2 Be7 8.O-O-O Nxd4
9.Qxd4 a6 10.e5 dxe5 11.Qxe5 Bd7 12.Be2 Rc8 13.h4 Qc7 14.Qxc7 Rxc7 15.Rh3 Bc6
16.Bf4 Rc8 17.h5 O-O 18.g4 Rfd8 19.Rhd3 Rxd3 20.Rxd3 h6 21.a3 Kf8 22.Kd2 b5
23.Bd6 Bxd6 24.Rxd6 Nd5 25.Nxd5 exd5 26.g5 hxg5 27.Bg4 Rc7 28.c3 Ke7 29.h6 gxh6
30.Rxh6 a5 31.b4 axb4 32.axb4 Be8 33.Ra6 Rc4 34.Be2 Rf4 35.Ke3 Re4+ 36.Kd3 Bd7
37.Bf3 Re5 38.Ra7 Kd6 39.Kd4 Re1 40.Ra6+ Ke7 41.Bxd5 Rd1+ 42.Kc5 g4 43.Ra7 f5
44.Bc6 Ke6 45.Ra2 Bxc6 46.Kxc6 Rc1 47.Re2+ Kf6 48.Kxb5 Rxc3 49.Ka6 Ra3+ 50.Kb6 f4
51.b5 f3 52.Re4 Kf5 53.Re8 Ra2 54.Rf8+ Ke5 55.Rg8 Rxf2 56.Rxg4 Rg2 57.Rh4 f2
58.Rh5+ Kf6  0-1

[Event "Paris-London"]
[Site "London"]
[Date "1994.??.??"]
[Round "3"]
[White "McDonald, Neil R"]
[Black "Relange, Eloi"]
[Result "1/2-1/2"]
[WhiteElo "2420"]
[BlackElo "2445"]

1.e4 c5 2.Nf3 d6 3.d4 cxd4 4.Nxd4 Nf6 5.Nc3 Nc6 6.Bg5 e6 7.Qd2 Be7 8.O-O-O Nxd4
9.Qxd4 O-O 10.f4 Qa5 11.Be2 Bd7 12.Kb1 Bc6 13.h4 Rfd8 14.Qd2 Qc7 15.Qe3 Rac8
16.Bd3 d5 17.exd5 Nxd5 18.Nxd5 Bxd5 19.h5 h6 20.Bxe7 Qxe7 21.Rhg1 Kf8 22.g4 Qc5
23.Qg3 Bc4 24.g5 Bxd3 25.cxd3 Ke7 26.gxh6 gxh6 27.Qh4+ Kd7 28.Qf6 Qxh5 29.Rh1 Qf5
30.Qxf5 exf5 31.Rxh6 Rc6 32.Rh5 Rd6 33.Rxf5 Ke6 34.Rb5 b6 35.Kc2 Rd4 36.Re5+ Kf6
37.Re4 Kf5 38.Kc3 R4d5 39.Rc4 R8d7 40.a4 Kg4 41.b4 f5 42.b5 Kf3 43.Rc8 Ke2
44.Rd2+ Ke3 45.d4 Kxf4 46.Kc4 R5d6 47.Rf2+ Ke3 48.Rxf5 Rxd4+  1/2-1/2

[Event "Lloyds Bank op"]
[Site "London"]
[Date "1994.??.??"]
[Round "7"]
[White "Ferguson, Mark"]
[Black "Gurevich, Dmitry"]
[Result "1-0"]
[WhiteElo "2330"]
[BlackElo "2535"]

1.e4 c5 2.Nf3 d6 3.d4 cxd4 4.Nxd4 Nf6 5.Nc3 Nc6 6.Bg5 e6 7.Qd2 Be7 8.O-O-O O-O
9.Nb3 Qb6 10.f3 Rd8 11.Kb1 Qc7 12.Bf4 a6 13.g4 Ne5 14.g5 Nfd7 15.Qg2 b5 16.Bc1 b4
17.Ne2 Bb7 18.f4 Nc4 19.Ng3 d5 20.Bd3 a5 21.f5 dxe4 22.Bxe4 Bxe4 23.Qxe4 Ra6
24.g6 Nf6 25.Rxd8+ Bxd8 26.gxf7+ Kxf7 27.fxe6+ Rxe6 28.Qa8 Be7 29.Nd4 Rb6
30.Re1 Qd8 31.Qf3 Qd5 32.Ngf5 Bf8 33.Qg3 Nd6 34.Re7+ Kg8 35.Rxg7+ Kh8 36.Ne7 Qc4
37.b3 Nde4 38.Qg2 Nc3+ 39.Ka1 Bxg7 40.bxc4 Nfe4 41.Ndf5  1-0

[Event "Lloyds Bank op"]
[Site "London"]
[Date "1994.??.??"]
[Round "8"]
[White "Aseev, Konstantin N"]
[Black "Tilak, Sharad S"]
[Result "1/2-1/2"]
[WhiteElo "2540"]
[BlackElo "2415"]

1.e4 c5 2.Nf3 d6 3.d4 cxd4 4.Nxd4 Nf6 5.Nc3 Nc6 6.Bg5 e6 7.Qd2 a6 8.O-O-O Bd7
9.f4 h6 10.Bh4 g5 11.fxg5 Ng4 12.Kb1 Be7 13.Nxc6 Bxc6 14.Bg3 hxg5 15.Qe2 Nh6
16.Bxd6 Bxd6 17.e5 Nf5 18.exd6 Qa5 19.d7+ Ke7 20.Qd2 Rad8 21.Qxg5+ f6 22.Qf4 Rh4
23.Qf2 Qe5 24.Bd3 Qe3 25.Qe1 Qxe1 26.Rhxe1 Nd6 27.h3 Bxg2 28.Rg1 Bc6 29.Rg7+ Kf8
30.Rg6 Ke7 31.Rg7+ Kf8 32.Rg6 Ke7 33.Rf1 Rxh3 34.Rgxf6 Bg2 35.a4 Bxf1 36.Rxf1 Rxd7
37.Re1 Rh5 38.Ka2 Rg5 39.b4 a5 40.Kb3 axb4 41.Kxb4 Rc7 42.Rh1 Rgc5 43.Rh7+ Kf8
44.Rh8+ Kg7 45.Rh7+ Kf6 46.Rh6+ Ke5 47.Rh5+ Nf5 48.Nb5 Rxc2  1/2-1/2

[Event "Lloyds Bank op"]
[Site "London"]
[Date "1994.??.??"]
[Round "9"]
[White "Arakhamia, Ketevan"]
[Black "Gurevich, Dmitry"]
[Result "1/2-1/2"]
[WhiteElo "2450"]
[BlackElo "2535"]

1.e4 c5 2.Nf3 d6 3.d4 cxd4 4.Nxd4 Nf6 5.Nc3 Nc6 6.Bg5 e6 7.Qd2 Be7 8.O-O-O O-O
9.Nb3 Qb6 10.f3 Rd8 11.Be3 Qc7 12.Qf2 d5 13.exd5 Nxd5 14.Nxd5 Rxd5 15.Rxd5 exd5
16.g4 Bf6 17.Kb1 Qe5 18.Bc1 a5 19.Bb5 Qc7 20.a4 Bd7 21.Rd1 Nb4 22.Qc5 Bc6
23.Bxc6 Be7 24.Qc3 bxc6 25.Qd2 c5 26.c3 Nc6 27.Qc2 Rd8 28.f4 Qb6 29.g5 g6
30.h4 d4 31.cxd4 cxd4 32.Qc4 Rb8 33.Nxd4 Nxd4 34.Rxd4 Qb7 35.Qd5 Qb6 36.Qc4 Qb7
37.Rd3 Bb4 38.Qd5 Qb6 39.f5 Rc8 40.Rd1 Qf2 41.fxg6 Qc2+ 42.Ka1 hxg6 43.Rf1 Qxa4+
44.Qa2 Qxa2+ 45.Kxa2 Rc4 46.Bf4 Kf8 47.Bg3 Re4 48.Rf3 Ke7 49.Bf2 Bd2 50.Bc5+ Ke8
51.Rh3 Rg4 52.b3 Bf4 53.Bb6 Bd2 54.Rh2 Bb4 55.h5 gxh5 56.Rxh5 Rg2+ 57.Kb1 Bc3
58.Rh3 Rb2+ 59.Kc1 Rxb3 60.Re3+ Kd7 61.Rd3+ Ke6 62.Bxa5 Bb2+ 63.Kc2 Rb5 64.Bd2 Be5
65.Rf3  1/2-1/2

[Event "Lloyds Bank op"]
[Site "London"]
[Date "1994.??.??"]
[Round "9"]
[White "Jonsson, Hans"]
[Black "Aseev, Konstantin N"]
[Result "0-1"]
[WhiteElo "2390"]
[BlackElo "2540"]

1.e4 c5 2.Nf3 d6 3.d4 cxd4 4.Nxd4 Nf6 5.Nc3 Nc6 6.Bg5 e6 7.Bb5 Bd7 8.Bxc6 bxc6
9.Qf3 h6 10.Bh4 e5 11.Nf5 Bxf5 12.Qxf5 Be7 13.O-O Qd7 14.Qf3 Qg4 15.Qxg4 Nxg4
16.Bg3 Bd8 17.Rad1 Ke7 18.Na4 Bb6 19.Nxb6 axb6 20.a3 h5 21.h3 Nh6 22.f4 f6
23.fxe5 dxe5 24.Bf2 Rhb8 25.Rd3 Nf7 26.Rfd1 Rb7 27.Be3 c5 28.Kf2 c4 29.Rd5 c3
30.b3 Rxa3 31.R1d3 Ra1 32.Rxc3 Nd6 33.Rc6 Nxe4+ 34.Kf3 Nc5 35.Bxc5+ bxc5
36.Rdxc5 Rd7 37.Rc7 g5 38.Rxd7+ Kxd7 39.b4 Kd6 40.c4 f5 41.Ra5 g4+ 42.Kf2 Rb1
43.Ra6+ Ke7 44.hxg4 hxg4 45.b5 f4 46.b6 e4 47.c5 g3+ 48.Ke2 f3+ 49.gxf3 g2  0-1

[Event "EUCup Gr3"]
[Site "Lubniewice"]
[Date "1994.??.??"]
[Round "1"]
[White "Malisauskas, Vidmantas"]
[Black "Lerner, Konstantin Z"]
[Result "1-0"]
[WhiteElo "2510"]
[BlackElo "2570"]

1.e4 c5 2.Nf3 d6 3.d4 cxd4 4.Nxd4 Nf6 5.Nc3 Nc6 6.Bg5 e6 7.Qd2 a6 8.O-O-O h6
9.Be3 Bd7 10.f3 b5 11.Nxc6 Bxc6 12.Ne2 Qc7 13.Nd4 Bb7 14.g4 Rc8 15.Bd3 Nd7
16.h4 Ne5 17.Kb1 d5 18.Bf4 Bd6 19.Bxb5+ axb5 20.Nxb5 Qb6 21.Nxd6+ Qxd6 22.exd5 Bxd5
23.Bxe5 Qxe5 24.Rhe1 Qc7 25.Qxd5 Qxc2+ 26.Ka1 O-O 27.Qd2 Qc6 28.Qe3 Ra8 29.a3 Rfb8
30.g5 hxg5 31.hxg5 Ra6 32.Rh1 Qb5 33.Rh2 Rc6 34.Qd2 Rcb6 35.Qd8+ Qe8 36.Rdh1  1-0

[Event "Madrid"]
[Site "Madrid"]
[Date "1994.??.??"]
[Round "8"]
[White "Tiviakov, Sergei"]
[Black "San Segundo, Pablo"]
[Result "1/2-1/2"]
[WhiteElo "2630"]
[BlackElo "2470"]

1.e4 c5 2.Nf3 d6 3.d4 cxd4 4.Nxd4 Nf6 5.Nc3 Nc6 6.Bg5 e6 7.Bb5 Bd7 8.Bxc6 bxc6
9.Qf3 h6 10.Bh4 c5 11.Nb3 Be7 12.O-O-O c4 13.Nd2 Rc8 14.e5 dxe5 15.Bxf6 Bxf6
16.Nde4 Be7 17.Nd6+ Bxd6 18.Rxd6 Qc7 19.Rhd1 Bc6 20.Qg3 O-O 21.Qxe5 Rfe8
22.f3 Qb7 23.R1d2 Rb8 24.Nd1 Bd5 25.Ne3 Qb4 26.c3 Qa4 27.Kb1 Rb5 28.Nxd5 Rxd5
29.Qe4 Rxd2 30.Rxd2 Qb5 31.Qd4 a5 32.Qd7 Qf5+ 33.Kc1 Rb8 34.Qc7 Qb5 35.a4 Qb3
36.Rd8+ Rxd8 37.Qxd8+ Kh7 38.Qxa5 Qa2 39.Qa8 Qa1+ 40.Kc2 Qf1 41.Qe4+ f5 42.Qxe6 Qd3+
43.Kc1 Qf1+ 44.Kd2 Qd3+ 45.Ke1 Qb1+ 46.Kf2 Qxb2+ 47.Kg3 f4+ 48.Kxf4 Qxc3
49.Qf5+ Kh8 50.Kg3 Qb4 51.a5 Qd6+ 52.Kh3 Qc6 53.Qf8+  1/2-1/2

[Event "CRO-chT"]
[Site "Makarska"]
[Date "1994.??.??"]
[Round "6"]
[White "Tolnai, Tibor"]
[Black "Kozul, Zdenko"]
[Result "0-1"]
[WhiteElo "2540"]
[BlackElo "2575"]

1.e4 c5 2.Nf3 Nc6 3.d4 cxd4 4.Nxd4 Nf6 5.Nc3 d6 6.Bg5 e6 7.Qd2 a6 8.O-O-O Bd7
9.f4 b5 10.Bxf6 gxf6 11.f5 Nxd4 12.Qxd4 Bh6+ 13.Kb1 Bf4 14.fxe6 fxe6 15.Ne2 Be5
16.Qd2 O-O 17.Nd4 f5 18.Nf3 Bc6 19.Nxe5 dxe5 20.Qe1 Qc7 21.Bd3 Rad8 22.Qe3 Rd4
23.exf5 exf5 24.Rhe1 Bxg2 25.Qxe5 Qxe5 26.Rxe5 Be4 27.Rg1+ Kh8 28.Bxe4 Rxe4
29.Rxe4 fxe4 30.Kc1 Rf2 31.Re1 Rf4 32.Kd2 Kg7 33.Ke3 Rh4 34.Re2 Kf6 35.Kd4 Kf5
36.a3 Rf4 37.b3 Rf1 38.Ke3 Ke5 39.Rg2 Rf3+ 40.Ke2 Rh3 41.a4 b4 42.a5 Kd4
43.Kd1 Rh5 44.Kd2 Rxa5 45.Rg7 e3+ 46.Ke2 Rc5 47.Rg4+ Kc3 48.Kd1 e2+ 49.Kxe2 a5
50.Kd1 Kb2 51.Rg2 Rh5 52.Rd2 Rg5 53.Rf2 h5 54.Kd2 Rc5 55.Kd1 Rd5+ 56.Rd2 Rg5  0-1

[Event "CRO-chT"]
[Site "Makarska"]
[Date "1994.??.??"]
[Round "9"]
[White "Vadla, Zeljko"]
[Black "Vlasic, Nenad"]
[Result "0-1"]
[WhiteElo "2245"]
[BlackElo "2315"]

1.e4 c5 2.Nf3 Nc6 3.d4 cxd4 4.Nxd4 Nf6 5.Nc3 d6 6.Bg5 Bd7 7.Bxf6 gxf6 8.Qd2 Nxd4
9.Qxd4 Qa5 10.f4 Rg8 11.O-O-O Rc8 12.Kb1 Qc5 13.Qd2 Bc6 14.Bd3 b5 15.Qe2 b4
16.Nd5 a5 17.Rhf1 a4 18.Qf2 a3 19.b3 Bxd5 20.exd5 Rxg2 21.Qxc5 Rxc5 22.Bxh7 Rxh2
23.Bd3 Bh6 24.f5 Rxd5 25.Rh1 Rxh1 26.Rxh1 Bf4 27.Rf1 Be5 28.Rh1 Rd4 29.Kc1 Rg4
30.Kd2 Rg7 31.Rh8+ Kd7 32.Rb8 Kc6 33.Rxb4 e6 34.fxe6 fxe6  0-1

[Event "Mar del Plata op"]
[Site "Mar del Plata"]
[Date "1994.??.??"]
[Round "9"]
[White "Van Riemsdijk, Herman C"]
[Black "Langier, Daniel"]
[Result "1/2-1/2"]
[WhiteElo "2435"]
[BlackElo "2305"]

1.e4 c5 2.Nf3 d6 3.d4 cxd4 4.Nxd4 Nf6 5.Nc3 Nc6 6.Bg5 e6 7.Qd2 Be7 8.O-O-O O-O
9.Nb3 Qb6 10.f3 Rd8 11.Be3 Qc7 12.Qf2 d5 13.exd5 Nxd5 14.Nxd5 exd5 15.Kb1 Bf6
16.c3 Bf5+ 17.Bd3 Bxd3+ 18.Rxd3 Ne5 19.Rdd1 Nc4 20.Bd4 Bxd4 21.Nxd4 Qb6 22.Rhe1 Re8
23.Re2 Rxe2 24.Qxe2 a5 25.a4 Rc8 26.Re1 g6 27.Nb5 Qc5 28.Qe7 Qf2 29.Qe2 Qc5
30.h4 Rc6 31.Qe8+ Kg7 32.Nd4 Rb6 33.Re7 Ne5 34.Rxe5 Qxc3 35.Ne6+ fxe6 36.Qe7+ Kg8
37.Qe8+  1/2-1/2

[Event "Minsk op"]
[Site "Minsk"]
[Date "1994.??.??"]
[Round "1"]
[White "Portnoy, Mikhail"]
[Black "Panchenko, Alexandar G"]
[Result "1-0"]
[WhiteElo "2050"]
[BlackElo "2485"]

1.e4 c5 2.Nf3 Nc6 3.d4 cxd4 4.Nxd4 Nf6 5.Nc3 d6 6.Bg5 e6 7.Qd2 a6 8.O-O-O Bd7
9.f4 b5 10.Nxc6 Bxc6 11.Bxf6 Qxf6 12.Qe3 Qd8 13.f5 Be7 14.Kb1 O-O 15.Bd3 Bf6
16.e5 Bg5 17.Qh3 exf5 18.Bxf5 g6 19.Rxd6 Qe8 20.Qg3 Bh6 21.Be4 Rc8 22.Bxc6 Rxc6
23.Nd5 Rxd6 24.exd6 Bg7 25.Rd1 Kh8 26.Qe1 Qd7 27.Qe7 Qg4 28.Ne3 Qb4 29.c3 Qc5
30.Rd5 Qc8 31.d7 Qd8 32.Qxd8 Rxd8 33.Nc2 a5 34.a4 bxa4 35.Rxa5 Rxd7 36.Ra8+ Bf8
37.Rxf8+ Kg7 38.Re8 Rd2 39.c4 Rxg2 40.c5 Rg5 41.c6 Rc5 42.Nd4 Rc4 43.Rd8 Kf6
44.Rd7 Ke5 45.c7 f5 46.Nb5 Ke6 47.Rxh7 f4 48.Rh8  1-0

[Event "Minsk"]
[Site "Minsk"]
[Date "1994.??.??"]
[Round "1"]
[White "Malisauskas, Vidmantas"]
[Black "Ryskin, Alexander"]
[Result "1/2-1/2"]
[WhiteElo "2525"]
[BlackElo "2500"]

1.e4 c5 2.Nf3 d6 3.d4 cxd4 4.Nxd4 Nf6 5.Nc3 Nc6 6.Bg5 e6 7.Qd2 a6 8.O-O-O Bd7
9.f3 Nxd4 10.Qxd4 Rc8 11.Kb1 Be7 12.h4 Qa5 13.Qd2 h6 14.Be3 e5 15.g4 Be6
16.Bh3 Rxc3 17.Qxc3 Qxa2+ 18.Kc1 d5 19.Bc5 d4 20.Qa3 Bxc5 21.Qxc5 Nd7 22.Qb4 a5
23.Qa3 Qxa3 24.bxa3 Ke7 25.Kd2 Rc8 26.Rb1 Rc3 27.Rxb7 Rxf3 28.Bf1 Kd6 29.Bd3 Nc5
30.Rb6+ Ke7 31.Rhb1 Rf2+ 32.Ke1 Rh2 33.R6b5 Rh1+ 34.Kf2 Nxd3+ 35.cxd3 Rh2+
36.Kg3 Rd2 37.Rxe5 Rxd3+ 38.Kf4 Rxa3 39.Rd1 d3 40.g5 hxg5+ 41.hxg5 g6 42.Ke3 a4
43.Rxd3 Rxd3+  1/2-1/2

[Event "Mislata op 3th"]
[Site "Mislata"]
[Date "1994.??.??"]
[Round "3"]
[White "Arizmendi Martinez, Julen Luis"]
[Black "Veingold, Aleksandr"]
[Result "0-1"]
[WhiteElo "2240"]
[BlackElo "2430"]

1.e4 c5 2.Nf3 d6 3.d4 cxd4 4.Nxd4 Nf6 5.Nc3 Nc6 6.Bg5 e6 7.Qd2 Be7 8.O-O-O Nxd4
9.Qxd4 O-O 10.e5 dxe5 11.Qxe5 Bd7 12.Be2 Rc8 13.Be3 a6 14.Bd4 Bc6 15.Bf3 Bxf3
16.gxf3 Qc7 17.Rhg1 Qxe5 18.Bxe5 Rfd8 19.Rxd8+ Rxd8 20.Ne4 Ne8 21.Rd1 Rxd1+
22.Kxd1 f6 23.Bd4 Kf7 24.Ke2 f5 25.Nc5 e5 26.Be3 f4 27.Nxb7 fxe3 28.fxe3 Ke6
29.Kd3 Nf6 30.c4 Nd7 31.a3 Nf6 32.e4 g5 33.b4 g4 34.Ke2 Kd7 35.Na5 Bd6 36.Nb3 Kc6
37.Kf2 Be7 38.Kg3 gxf3 39.Kxf3 a5 40.bxa5 Bd6 41.a6 Bb8 42.Nc1 Kb6 43.Nd3 Kxa6
44.Nb4+ Kb6 45.Nd5+ Nxd5 46.cxd5 Bd6 47.Kg4 Bxa3 48.Kf5 Bd6 49.h4 h5  0-1

[Event "Mlada Boleslav op"]
[Site "Mlada Boleslav"]
[Date "1994.??.??"]
[Round "8"]
[White "Jaracz, Pawel"]
[Black "Slezka, Vojtech"]
[Result "1/2-1/2"]
[WhiteElo "2415"]
[BlackElo "2375"]

1.e4 c5 2.Nf3 d6 3.d4 cxd4 4.Nxd4 Nf6 5.Nc3 Nc6 6.Bg5 e6 7.Qd2 Be7 8.O-O-O O-O
9.Nb3 Qb6 10.f3 Rd8 11.Be3 Qc7 12.Qf2 d5 13.exd5 Nxd5 14.Nxd5 Rxd5 15.Rxd5 exd5
16.Nd4 Ne5 17.Qg3 Bd7 18.Kb1 Bd6 19.Bf4 Qb6 20.Bxe5 Bxe5 21.Qxe5 Re8 22.Qg3 Qxd4
23.Bd3 Qe3 24.Rd1 h6 25.c3 Bc6 26.Qh4 Kf8 27.Kc2 a6 28.h3 Qc5 29.Qd4 Qxd4
30.cxd4 a5 31.Kd2 Ke7 32.h4 Kd6 33.Rc1 b6 34.g4 Bd7 35.Rg1 f6 36.h5  1/2-1/2

[Event "Veterans-Women"]
[Site "Monte Carlo"]
[Date "1994.??.??"]
[Round "?"]
[White "Arakhamia, Ketevan"]
[Black "Hort, Vlastimil"]
[Result "1-0"]
[WhiteElo "2485"]
[BlackElo "2535"]

1.e4 c5 2.Nf3 d6 3.d4 cxd4 4.Nxd4 Nf6 5.Nc3 Nc6 6.Bg5 e6 7.Qd2 a6 8.O-O-O h6
9.Be3 Bd7 10.f3 Be7 11.Kb1 Qc7 12.g4 Ne5 13.h4 b5 14.Bd3 Qb7 15.g5 hxg5 16.hxg5 Nh5
17.f4 Nxd3 18.cxd3 g6 19.Rc1 Rc8 20.f5 b4 21.Nce2 Rxc1+ 22.Qxc1 e5 23.Nb3 Qb5
24.Qd1 d5 25.Ng3 a5 26.fxg6 fxg6 27.Nxh5 gxh5 28.Rxh5 Rg8 29.Nc1 dxe4 30.Qb3 Rg6
31.Rh8+ Bf8 32.Qc2 Be6 33.Qc7 Rg8 34.Rh7 Bd7 35.Bb6 Bg7 36.g6 Ke7 37.Bc5+ Ke8
38.Qd6 Kd8 39.Bb6+ Ke8 40.Bc5 Kd8 41.Qd5  1-0

[Event "Moravka opJ"]
[Site "?"]
[Date "1994.??.??"]
[Round "3"]
[White "Berzinsh, Roland"]
[Black "Swol, Michal"]
[Result "1-0"]
[WhiteElo "2465"]
[BlackElo "2270"]

1.e4 c5 2.Nf3 Nc6 3.d4 cxd4 4.Nxd4 Nf6 5.Nc3 d6 6.Bg5 e6 7.Bb5 Bd7 8.Bxc6 bxc6
9.Qf3 h6 10.Bh4 Qb6 11.O-O-O Be7 12.e5 dxe5 13.Nb3 Qb4 14.Bg3 e4 15.Qe2 c5
16.a3 Qb6 17.Nd2 O-O 18.Ndxe4 Nxe4 19.Nxe4 Rfd8 20.Be5 f5 21.Nd6 Bc6 22.Bf4 Bd7
23.Rd3 Bf6 24.Be5 Rf8 25.Rhd1 Bc6 26.Rb3 Qa5 27.Rg3 Kh7 28.f4 Qa4 29.Kb1 Be8
30.Rc3 Qc6 31.Qf2 Bxe5 32.fxe5 c4 33.Rxc4 Qd7 34.Rb4 Bh5 35.Rd3 Rab8 36.Qc5 Rxb4
37.axb4 Qe7 38.Nb5 Qf7 39.Qxa7 Qg6 40.Rg3  1-0

[Event "Moscow ol (Men)"]
[Site "Moscow"]
[Date "1994.??.??"]
[Round "2"]
[White "Dimitrov, Vladimir"]
[Black "Ginting, Nasib"]
[Result "1-0"]
[WhiteElo "2475"]
[BlackElo "2395"]

1.e4 c5 2.Nf3 d6 3.d4 cxd4 4.Nxd4 Nf6 5.Nc3 Nc6 6.Bg5 e6 7.Qd2 Be7 8.O-O-O O-O
9.Nb3 Qb6 10.f3 Rd8 11.Nb5 Rd7 12.Be3 Qd8 13.N5d4 Qf8 14.g4 d5 15.Nxc6 bxc6
16.e5 d4 17.Bxd4 c5 18.exf6 gxf6 19.Bb5 Rd6 20.Nxc5 e5 21.Qe2 Rxd4 22.Rxd4 exd4
23.Nb3 Be6 24.Bc4 Bxc4 25.Qxc4 Qh6+ 26.Kb1 Rd8 27.Nxd4 Qf4 28.c3 Bd6 29.Qe2 Be5
30.Nb3 a5 31.Nxa5 f5 32.Nc6 Rd2 33.Qxe5 Qxf3 34.Ne7+ Kf8 35.Qb8+ Kxe7 36.Re1+ Re2
37.Qb4+ Kf6 38.Qd4+ Kg5 39.h4+ Kg6 40.Rg1 Qe4+ 41.Qxe4 fxe4 42.a4 h5 43.gxh5+ Kf5
44.Rf1+ Ke6 45.h6 Rd2 46.a5 f5 47.h7 Rd8 48.a6 Ke5 49.Rg1 e3 50.Rg8  1-0

[Event "Moscow ol (Men)"]
[Site "Moscow"]
[Date "1994.??.??"]
[Round "3"]
[White "Santo Roman, Marc"]
[Black "Van der Wiel, John TH"]
[Result "0-1"]
[WhiteElo "2420"]
[BlackElo "2555"]

1.e4 c5 2.Nf3 d6 3.d4 cxd4 4.Nxd4 Nf6 5.Nc3 Nc6 6.Bg5 e6 7.Qd2 a6 8.O-O-O h6
9.Be3 Be7 10.f4 Nxd4 11.Bxd4 b5 12.Bd3 Bb7 13.Rhe1 O-O 14.Kb1 b4 15.Na4 Bc6
16.Nb6 Rb8 17.e5 Rxb6 18.exf6 Bxf6 19.Bxb6 Qxb6 20.Qe3 Qa5 21.Be4 d5 22.Bf3 Rc8
23.g4 Ba4 24.Re2 Bb5 25.Rg2 Bxb2 26.Be2 Bc3 27.g5 d4 28.Qc1 Bc6  0-1

[Event "Moscow ol (Men)"]
[Site "Moscow"]
[Date "1994.??.??"]
[Round "4"]
[White "Milos, Gilberto"]
[Black "Annageldiev, Orazly"]
[Result "1/2-1/2"]
[WhiteElo "2575"]
[BlackElo "2440"]

1.e4 c5 2.Nf3 d6 3.d4 cxd4 4.Nxd4 Nf6 5.Nc3 Nc6 6.Bg5 e6 7.Qd2 Be7 8.O-O-O O-O
9.Nb3 Qb6 10.f3 Rd8 11.Be3 Qc7 12.Qf2 d5 13.exd5 Nxd5 14.Nxd5 exd5 15.Kb1 Bf5
16.Nd4 Nxd4 17.Bxd4 Rac8 18.Bd3 Bxd3 19.Rxd3 Bc5 20.Bxc5 Qxc5 21.Qxc5 Rxc5
22.Rhd1 Kf8 23.a3 a5 24.c4 Ke7 25.cxd5 Kd6 26.a4 b5 27.axb5 Rb8 28.Ka2 Rbxb5
29.Rb3 g5 30.Rxb5 Rxb5 31.Ka3 Rb4 32.b3 h5 33.Rd3 Rh4 34.h3 Rb4 35.Rd1 h4
36.Rd2 f6 37.Rd3 Rf4 38.Rd1 Rb4 39.Rd3 Rf4 40.Rd2 Rb4 41.Rd1 Rf4  1/2-1/2

[Event "Moscow ol (Men)"]
[Site "Moscow"]
[Date "1994.??.??"]
[Round "4"]
[White "Sammalvuo, Tapani"]
[Black "Abarca Aguirre, Manuel"]
[Result "1/2-1/2"]
[WhiteElo "2370"]
[BlackElo "2360"]

1.e4 c5 2.Nf3 d6 3.d4 cxd4 4.Nxd4 Nf6 5.Nc3 Nc6 6.Bg5 e6 7.Qd2 a6 8.O-O-O Bd7
9.f4 Be7 10.Nf3 b5 11.Bxf6 Bxf6 12.Qxd6 Ra7 13.e5 Be7 14.Qd2 Qa5 15.Kb1 Bb4
16.Qe3 Bxc3 17.Qxc3 Qxc3 18.bxc3 Na5 19.Nd4  1/2-1/2

[Event "Moscow ol (Men)"]
[Site "Moscow"]
[Date "1994.??.??"]
[Round "4"]
[White "Owosina, Tolani"]
[Black "Yahya, H Al"]
[Result "0-1"]
[WhiteElo "2075"]
[BlackElo "2150"]

1.e4 c5 2.Nf3 Nc6 3.d4 cxd4 4.Nxd4 Nf6 5.Nc3 d6 6.Bg5 e6 7.Qd2 a6 8.O-O-O Bd7
9.f3 Rc8 10.g4 b5 11.Be3 Ne5 12.Bd3 b4 13.Nce2 Qa5 14.Kb1 d5 15.g5 dxe4 16.fxe4 Nfg4
17.Nb3 Qa4 18.Bg1 Nxd3 19.Qxd3 Bb5 20.Qd2 Be7 21.Nc5 Qa5 22.Nb3 Qc7 23.Ned4 Bc4
24.h4 Rd8 25.Qg2 Qf4 26.Rc1 Bd6 27.e5 Bd5 28.Qh3 Bxe5 29.Ne2 Qc4 30.Bb6 Bxh1
31.Qxh1 Rd5 32.Qf3 O-O 33.Ng3 Bxg3 34.Qxg3 Qb5 35.Be3 Rfd8 36.Qf2  0-1

[Event "Moscow ol (Men)"]
[Site "Moscow"]
[Date "1994.??.??"]
[Round "5"]
[White "Cao Sang"]
[Black "Zarnicki, Pablo"]
[Result "0-1"]
[WhiteElo "2210"]
[BlackElo "2475"]

1.e4 c5 2.Nf3 d6 3.d4 cxd4 4.Nxd4 Nf6 5.Nc3 Nc6 6.Bg5 e6 7.Qd2 a6 8.O-O-O h6
9.Bxf6 Qxf6 10.Nb3 Qd8 11.f4 Be7 12.h4 b5 13.Qf2 b4 14.Ne2 a5 15.Rh3 e5 16.f5 a4
17.Nd2 d5 18.c3 O-O 19.Nc4 a3 20.Rxd5 b3 21.Kb1 bxa2+ 22.Kxa2 axb2+ 23.Kb1 Qc7
24.Qb6 Ra1+ 25.Kxb2 Qxb6+ 26.Nxb6 Rxf1 27.Nc1 Ba6 28.Nd7 Ra8 29.Nxe5 Ba3+  0-1

[Event "Moscow ol (Men)"]
[Site "Moscow"]
[Date "1994.??.??"]
[Round "5"]
[White "Sarwat, Walaa"]
[Black "Murugan, Krishnamoorthy"]
[Result "0-1"]
[WhiteElo "2305"]
[BlackElo "2440"]

1.e4 c5 2.Nf3 Nc6 3.d4 cxd4 4.Nxd4 Nf6 5.Nc3 d6 6.Bg5 e6 7.Qd2 a6 8.O-O-O h6
9.Bh4 Nxe4 10.Qf4 Ng5 11.Qg3 Be7 12.Nxc6 bxc6 13.f4 d5 14.Bd3 O-O 15.Bxg5 hxg5
16.Qh3 f5 17.g4 Bd6 18.Ne2 gxf4 19.Nd4 Qb6 20.Nf3 Rb8 21.b3 Qd8 22.Rhg1 Qf6
23.gxf5 Ba3+ 24.Kd2 Bb4+ 25.Ke2 e5 26.Rxg7+ Qxg7 27.Rg1 Rb7 28.Bxa6 Qxg1
29.Nxg1 Rh7 30.Qg2+ Rg7 31.Qf2 Bxa6+ 32.Kd1 c5 33.Ne2 Rxf5 34.c3 Ba3 35.b4 cxb4
36.Qc5 Bc4 37.Qc8+ Rf8 38.Qe6+ Kh7 39.Qh3+ Kg6 40.Qe6+ Rf6 41.Qg4+ Kh6 42.Qh4+ Kg6
43.Qg4+ Kf7 44.Qh5+ Kg8 45.Qe8+ Rf8 46.Qe6+ Kh7 47.Qh3+ Kg6 48.Qg4+ Kf6 49.Qh4+ Ke6
50.Qh6+ Kf7 51.Qh5+ Kg8 52.Qxe5 Bxe2+ 53.Kxe2 f3+ 54.Kf2 bxc3 55.Qxd5+ Rff7  0-1

[Event "Moscow ol (Women)"]
[Site "Moscow"]
[Date "1994.??.??"]
[Round "6"]
[White "Roschina, Tatiana"]
[Black "Madl, Ildiko"]
[Result "1-0"]
[WhiteElo "2180"]
[BlackElo "2415"]

1.e4 c5 2.Nf3 d6 3.d4 cxd4 4.Nxd4 Nf6 5.Nc3 Nc6 6.Bg5 e6 7.Bb5 Bd7 8.Bxc6 bxc6
9.Qf3 h6 10.Bh4 Qb6 11.Nb3 Be7 12.e5 dxe5 13.O-O-O a5 14.Rhe1 a4 15.Nd2 Qb4
16.Bxf6 Bxf6 17.Re3 Qe7 18.Nc4 O-O 19.Nxe5 Bxe5 20.Rxe5 Rfb8 21.Ne4 Qb4 22.Qc3 Qxc3
23.Nxc3 Be8 24.Rd4 a3 25.b3 Kf8 26.Ne4 Ke7 27.Nc5 Rb5 28.b4 Rbb8 29.Re3 Rb6
30.Kd2 Rbb8 31.Ke2 Rb6 32.Kd3 Rab8 33.Kc3 Rb5 34.f4 Kf6 35.Re5 g6 36.Kb3 Ra8
37.c4 Rbb8 38.g4 Rb6 39.Ne4+ Kg7 40.g5 Rbb8 41.Nf6 Ra6 42.Rc5 hxg5 43.fxg5 Kf8
44.Rh4 Ke7 45.Rh8 Raa8 46.Nxe8 Rxe8 47.Rxe8+ Rxe8 48.Rxc6 e5 49.b5 e4 50.Kc3 e3
51.Kd3 Kd7 52.Ke2 Rh8 53.Kxe3 Rxh2 54.Rf6 Rxa2 55.Rxf7+ Kd6 56.Kd4 Rd2+ 57.Kc3 a2
58.Rf6+ Kc7 59.Ra6 Rg2 60.Kb3 Rxg5 61.Rxa2 Kb7 62.Ra6 Rg3+ 63.Kb4 Rg4 64.Rd6 Kc7
65.Re6 Kb7 66.Rf6 g5 67.Kc5 Rh4 68.Rf7+ Kb8 69.Rg7 g4 70.b6  1-0

[Event "Moscow ol (Men)"]
[Site "Moscow"]
[Date "1994.??.??"]
[Round "7"]
[White "Bouah, Lyndon"]
[Black "Rudenski, Nikolai"]
[Result "0-1"]
[WhiteElo "2205"]
[BlackElo "2165"]

1.e4 c5 2.Nf3 Nc6 3.d4 cxd4 4.Nxd4 Nf6 5.Nc3 d6 6.Bg5 e6 7.Qd2 a6 8.O-O-O Bd7
9.f4 b5 10.Nxc6 Bxc6 11.Qe1 Be7 12.Bxf6 gxf6 13.Bd3 Qb6 14.Kb1 Rg8 15.Rg1 Rg4
16.g3 Bb7 17.h3 Rg7 18.g4 O-O-O 19.f5 Qc5 20.Ne2 Qe5 21.Ng3 Rd7 22.c4 bxc4
23.Bxc4 Kb8 24.Qe2 Ka7 25.Qe3+ Ka8 26.Rge1 Bd8 27.Nh5 Rg8 28.Nf4 Re8 29.Nd3 Qa5
30.Qh6 Rc7 31.Bb3 exf5 32.exf5 Be4 33.Ka1 d5 34.Nf2 Rb7 35.Rxe4 dxe4 36.Bd5 e3
37.Bxb7+  0-1

[Event "Moscow ol (Men)"]
[Site "Moscow"]
[Date "1994.??.??"]
[Round "9"]
[White "Iordachescu, Viorel"]
[Black "Leonardo, Joao"]
[Result "1-0"]
[WhiteElo "2435"]
[BlackElo "2275"]

1.e4 c5 2.Nf3 d6 3.d4 cxd4 4.Nxd4 Nf6 5.Nc3 Nc6 6.Bg5 a6 7.Qd2 Nxd4 8.Qxd4 Qa5
9.f4 e5 10.Qd2 exf4 11.Bxf6 gxf6 12.Bc4 Be6 13.Bd5 Bxd5 14.Nxd5 Qxd2+ 15.Kxd2 O-O-O
16.Ke2 Re8 17.Kf3 f5 18.exf5 Re5 19.c4 Rxf5 20.Rae1 Re5 21.Nxf4 Bh6 22.Rxe5 dxe5
23.Nd5 Re8 24.Ke4 f5+ 25.Kxf5 Rf8+ 26.Ke4 Rf2 27.g4 Rxb2 28.h4 Re2+ 29.Kf5 Bd2
30.Nf6 Rf2+ 31.Ke6 Re2 32.Nxh7 e4 33.Nf6 e3 34.h5 Rg2 35.h6 e2 36.h7  1-0

[Event "Moscow ol (Men)"]
[Site "Moscow"]
[Date "1994.??.??"]
[Round "9"]
[White "Gurcan, Selim"]
[Black "Kudrin, Sergey"]
[Result "1/2-1/2"]
[WhiteElo "2205"]
[BlackElo "2550"]

1.e4 c5 2.Nf3 d6 3.d4 cxd4 4.Nxd4 Nf6 5.Nc3 Nc6 6.Bg5 e6 7.Qd2 a6 8.Rd1 Bd7
9.Be2 b5 10.a3 Qb6 11.Nb3 Ne5 12.O-O Rc8 13.Kh1 Bc6 14.f4 Nc4 15.Bxc4 bxc4
16.Bxf6 gxf6 17.Nd4 Ba8 18.b4 cxb3 19.cxb3 Be7 20.b4 Rc4 21.Qd3 Qc7 22.Rc1 O-O
23.Nde2 Rc8 24.h4 Bf8 25.Rf3 Kh8 26.Rg3 d5 27.Qf3 dxe4 28.Qg4 Bh6 29.Rf1 Qe7
30.f5 e5 31.Na4 e3 32.Qh5 Bf4 33.Nb6 Bxg3 34.Nxc8 Rxc8 35.Nxg3 Rg8 36.Kh2 Qf8
37.Re1 a5 38.bxa5 Qxa3 39.Qxf7 Qf8 40.Qxf8 Rxf8 41.Rxe3 Kg7 42.Nh5+ Kf7 43.Rg3 Ke7
44.Rg7+ Kd6 45.Rxh7 e4 46.Nf4 Re8 47.Ne2 e3 48.a6 Rg8 49.g3 Rb8 50.Nf4 Rb2+
51.Kh3 e2 52.Nxe2 Rxe2 53.Rf7 Ra2 54.Rxf6+ Ke5 55.Rf8 Rxa6 56.h5 Bf3 57.Kh4 Ra4+
58.Kg5 Rg4+ 59.Kh6 Rxg3 60.f6 Rh3 61.Kg7 Rg3+ 62.Kh6 Bg4 63.Kg5 Be6+ 64.Kh6 Kf5
65.f7 Rh3 66.Kg7 Rxh5 67.Rh8 Rg5+ 68.Kf8 Kf6 69.Rh6+ Rg6  1/2-1/2

[Event "Moscow ol (Men)"]
[Site "Moscow"]
[Date "1994.??.??"]
[Round "9"]
[White "Campora, Daniel H"]
[Black "Robatsch, Karl"]
[Result "1-0"]
[WhiteElo "2560"]
[BlackElo "2410"]

1.e4 c5 2.Nf3 d6 3.d4 cxd4 4.Nxd4 Nf6 5.Nc3 Nc6 6.Bg5 Bd7 7.Qd2 Rc8 8.Nb3 h6
9.Bxf6 gxf6 10.f3 f5 11.Bd3 fxe4 12.Nxe4 Bg7 13.O-O Bxb2 14.Rae1 Qb6+ 15.Kh1 Ne5
16.Bb5 Bxb5 17.c4 Bxc4 18.Qxb2 Rg8  1-0